MARC
| LEADER | 00000nam a2200000Ia 4500 | ||
|---|---|---|---|
| 008 | 170316s9999 xx 000 0 und d | ||
| 090 | |a 801 E-9s | ||
| 100 | |a Escarpit, Robert | ||
| 245 | |a Sociología de la literatura | ||
| 260 | |a Barcelona, España | ||
| 260 | |b Oikos-Tau | ||
| 260 | |c 1971 | ||
| 300 | |a 127 páginas | ||
| 650 | |a TEORÍA LITERARIA | ||
| 650 | |a SOCIOLOGÍA LITERARIA | ||
| 650 | |a EL ESCRITOR | ||
| 650 | |a EL CONSUMO | ||
| 650 | |a LA DISTRIBUCIÓN | ||
| 650 | |a LA PRODUCCION | ||
| 650 | |a EN IDIOMA ESPAÑOL | ||
| 999 | |c 20261 |d 20261 | ||
| 040 | |a cru BVZT | ||
| 942 | |c 15 D |h 801 E-9s |2 z | ||
